000 02066cam a22004454i 4500
003 PE-LiUPU
005 20250731172956.0
008 150623s r 000 0 d
035 _a(Sirsi) a21680
040 _aPE-LiUPU
_bspa
_cPE-LiUPU
_erda
082 0 4 _a231.765
_bC68
_221
100 1 _aCoffin, Harold G.,
_eautor.
245 1 0 _aOrigin by design /
_cHarold G. Coffin con Robert H. Brown.
264 1 _aWhashington :
_bReview and Herald Publishing,
_c1983.
300 _a494 páginas :
_bilustraciones fotos ;
_c23 cm.
336 _atext
_2rdacontent
337 _aunmediated
_2rdamedia
338 _avolume
_2rdacarrier
504 _aIncluye bibliografía.
505 0 _aThe beginning. -The climax of creation. -The flood history. -Fossil evidences in support of catastrophe. -The origen of coal. -The surface of the earth. -A flood model. -Sedimentation and the flood. -Uniformity and catastrophe. -Research on the classic joggins petrified trees. -The Yellowstone petrified forest. -The mountains. -Fire in the Earth. -Land beneath the sea. -Rivers of ice. -Climatic conditions of the past. -The story of a river. -What is a fossils. -The fossils testify against evolution. -The dinosaurs. -Frozen animals. -Ancient Man. -In the beginning-God. -The biblical perspéctive on the age of the world.
526 _aSEG42
526 _aSEG41
526 _aSEG40
526 _aSEG39
526 _aP94
526 _aP87
526 _aP86
526 _aP85
526 _aP77
526 _aP76
526 _aP35
650 0 4 _aCreacionismo.
650 0 4 _aAdventistas del Séptimo Día
_xDoctrinas.
700 1 _aBrown, Robert H.,
_eautor.
942 _2ddc
_cBOOK
949 _a231.765 C68
_wDEWEY
_c1
_i45310
_lCCODEBUL1
_mBUL
_p00.00
_r0
_sY
_tBOOK
_u2015-06-24
_xTEOLOGIA
_PP35
_0COMPRA
_o.STAFF. Colección General
596 _a1
999 _a231.765 C68
_wDEWEY
_c22170
_i45310
_f2021-11-9
_g5
_lCCODEBUL1
_mBUL
_r0
_sY
_tBOOK
_u2015-6-24
_xTEOLOGIA
_PP35
_0COMPRA
_o.STAFF. Colección General
_d22170
980 _81
_gALBERTO SANCHEZ Responsable de Automatización